000 00421nam a22001457a 4500
003 OSt
005 20160727222549.0
008 160714b xxu||||| |||| 00| 0 eng d
040 _cThe Student Sanskrit - English Dictionary
100 _92864
_a Apte, V.S
245 _aThe Student Sanskrit - English Dictionary
260 _aN.D
_b Bharatiya
_c2000
300 _aThe Student Sanskrit - English Dictionary
942 _2lcc
_cBK
999 _c2438
_d2438